[Event "Oberliga Ost A 2023 2024"]
[Site "?"]
[Date "2024.03.17"]
[Round "9.2"]
[Board "6"]
[White "Herrmann, Arthur"]
[Black "von Angern, Cedric"]
[Result "0-1"]
[WhiteElo "1947"]
[BlackElo "1944"]
[PlyCount "46"]
[EventDate "2023.10.22"]
[EventType "team-tourn"]
[EventCountry "GER"]
[WhiteTeam "Leipzig SG II"]
[BlackTeam "Magdeburg SG Aufbau Elbe II"]
[WhiteTeamCountry "GER"]
[BlackTeamCountry "GER"]

1. e4 c5 2. Nf3 d6 3. d4 cxd4 4. Nxd4 Nf6 5. f3 a6 6. c4 e6 7. Nc3 Be7 8. Be3 Nc6 9. Be2 O-O 10. O-O d5 11. cxd5 exd5 12. Nxc6 bxc6 13. e5 Nd7 14. f4 Bc5 15. Bxc5 Nxc5 16. b4 Ne6 17. f5 Qb6+ 18. Kh1 Qxb4 19. Qc1 Nd4 20. f6 Nxe2 21. fxg7 Nxc1 22. gxf8=Q+ Kxf8 23. Raxc1 Qd4 0-1

[Event "Oberliga Ost A 2023 2024"]
[Site "?"]
[Date "2024.03.17"]
[Round "9.2"]
[Board "7"]
[White "Noack, Marcel"]
[Black "Limpert, Michael"]
[Result "0-1"]
[WhiteElo "2034"]
[BlackElo "2129"]
[PlyCount "50"]
[EventDate "2023.10.22"]
[EventType "team-tourn"]
[EventCountry "GER"]
[WhiteTeam "Magdeburg SG Aufbau Elbe II"]
[BlackTeam "Leipzig SG II"]
[WhiteTeamCountry "GER"]
[BlackTeamCountry "GER"]

1. e4 c6 2. d4 d5 3. Nc3 dxe4 4. Nxe4 Bf5 5. Ng3 Bg6 6. N1e2 e6 7. Nf4 Bd6 8. h4 Qc7 9. Nxg6 hxg6 10. Ne4 Bf4 11. Qf3 Bxc1 12. Rxc1 Nd7 13. Qa3 Ne7 14. Nd6+ Kf8 15. Rh3 Nf6 16. c4 Kg8 17. Rb3 Nf5 18. Nxf5 exf5 19. Qb4 Re8+ 20. Re3 Rxh4 21. Rxe8+ Nxe8 22. Qc3 Nf6 23. f3 Qg3+ 24. Ke2 Nh5 25. Kd1 Qf2 0-1

[Event "Oberliga Ost A 2023 2024"]
[Site "?"]
[Date "2024.03.17"]
[Round "9.2"]
[Board "8"]
[White "Gempe, Anet"]
[Black "Marnyuk, Serhiy"]
[Result "1-0"]
[WhiteElo "1961"]
[BlackElo "1831"]
[PlyCount "59"]
[EventDate "2023.10.22"]
[EventType "team-tourn"]
[EventCountry "GER"]
[WhiteTeam "Leipzig SG II"]
[BlackTeam "Magdeburg SG Aufbau Elbe II"]
[WhiteTeamCountry "GER"]
[BlackTeamCountry "GER"]

1. e4 g6 2. d4 c6 3. Nf3 d5 4. exd5 cxd5 5. Bf4 Nf6 6. c3 Bg7 7. Nbd2 O-O 8. h3 a6 9. Bd3 b5 10. O-O Nc6 11. Re1 Bb7 12. Nb3 Ra7 13. Qd2 Re8 14. a4 Qb6 15. axb5 axb5 16. Ne5 Rxa1 17. Rxa1 Nxe5 18. Bxe5 Nd7 19. Bxg7 Kxg7 20. Qe2 Bc6 21. Na5 Ra8 22. b4 e6 23. Rc1 Rb8 24. h4 h5 25. Qe3 Kg8 26. Qg3 Rd8 27. Qg5 Nb8 28. Bxg6 fxg6 29. Qxg6+ Kf8 30. Qf6+ 1-0

[Event "Oberliga Ost A 2023 2024"]
[Site "?"]
[Date "2024.03.17"]
[Round "9.3"]
[Board "2"]
[White "Schuetze, Norman"]
[Black "Langheinrich, Ferenc"]
[Result "0-1"]
[WhiteElo "2252"]
[BlackElo "2338"]
[PlyCount "116"]
[EventDate "2023.10.22"]
[EventType "team-tourn"]
[EventCountry "GER"]
[WhiteTeam "Loeberitz SG"]
[BlackTeam "Erfurt SV Empor"]
[WhiteTeamCountry "GER"]
[BlackTeamCountry "GER"]

1. e4 e5 2. Nf3 Nc6 3. Bb5 Nge7 4. O-O Ng6 5. d4 exd4 6. Nxd4 Nxd4 7. Qxd4 c6 8. Bd3 Qb6 9. Be3 Qxd4 10. Bxd4 Nf4 11. Rd1 Nxd3 12. Rxd3 d6 13. Nd2 Be6 14. c4 a5 15. a4 f6 16. Rb3 Bc8 17. Rc1 Kd7 18. Rg3 Kc7 19. c5 dxc5 20. Bxc5 Bxc5 21. Rxc5 g6 22. h4 Rd8 23. Nb3 b6 24. Rcc3 f5 25. h5 f4 26. Rg5 Rd1+ 27. Kh2 Be6 28. Nc1 Rd4 29. f3 Bc4 30. Nb3 Bxb3 31. Rxb3 Rg8 32. Kh3 Rxa4 33. Kg4 Ra2 34. Kxf4 a4 35. Ra3 Rxa3 36. bxa3 b5 37. Ke3 Rd8 38. hxg6 hxg6 39. Rxg6 b4 40. axb4 a3 41. b5 cxb5 42. Ra6 b4 43. Ra4 Rb8 44. Kd2 b3 45. Kc1 b2+ 46. Kb1 Rb3 47. Ra7+ Kb6 48. Ra8 Kb7 49. Ra4 Rc3 50. Rxa3 Rxa3 51. Kxb2 Re3 52. Kc2 Re2+ 53. Kd3 Rxg2 54. e5 Kc6 55. Ke4 Re2+ 56. Kf5 Kd5 57. f4 Re4 58. Kg5 Ke6 0-1

[Event "Oberliga Ost A 2023 2024"]
[Site "?"]
[Date "2024.03.17"]
[Round "9.3"]
[Board "3"]
[White "Urban, Lars"]
[Black "Pallas, Sebastian"]
[Result "1/2-1/2"]
[WhiteElo "2219"]
[BlackElo "2209"]
[PlyCount "53"]
[EventDate "2023.10.22"]
[EventType "team-tourn"]
[EventCountry "GER"]
[WhiteTeam "Erfurt SV Empor"]
[BlackTeam "Loeberitz SG"]
[WhiteTeamCountry "GER"]
[BlackTeamCountry "GER"]

1. d4 Nf6 2. c4 b6 3. f3 Nc6 4. d5 Ne5 5. e4 e6 6. Be3 Ng6 7. Nc3 Bd6 8. Nge2 O-O 9. Qd2 exd5 10. cxd5 Ba6 11. Ng3 Bxf1 12. Nxf1 c6 13. O-O-O Bb4 14. dxc6 dxc6 15. Qc2 Qe7 16. Ng3 Bc5 17. Qf2 Bxe3+ 18. Qxe3 Qe5 19. Nf5 Rad8 20. g3 Rfe8 21. Rxd8 Rxd8 22. Rd1 Rxd1+ 23. Kxd1 Ne7 24. Qd4 Qxd4+ 25. Nxd4 Nd7 26. Nc2 f6 27. f4 1/2-1/2

[Event "Oberliga Ost A 2023 2024"]
[Site "?"]
[Date "2024.03.17"]
[Round "9.3"]
[Board "4"]
[White "Niegsch, Nicolas"]
[Black "Heinke, Jasper"]
[Result "1/2-1/2"]
[WhiteElo "2276"]
[BlackElo "2052"]
[PlyCount "31"]
[EventDate "2023.10.22"]
[EventType "team-tourn"]
[EventCountry "GER"]
[WhiteTeam "Loeberitz SG"]
[BlackTeam "Erfurt SV Empor"]
[WhiteTeamCountry "GER"]
[BlackTeamCountry "GER"]

1. d4 Nf6 2. Nf3 e6 3. Bg5 c5 4. d5 exd5 5. Nc3 d4 6. Bxf6 Qxf6 7. Nd5 Qd6 8. e4 Be7 9. Bc4 Nc6 10. Qe2 O-O 11. e5 Qh6 12. b4 cxb4 13. O-O d6 14. Rad1 Bg4 15. Nxe7+ Nxe7 16. Rxd4 1/2-1/2

[Event "Oberliga Ost A 2023 2024"]
[Site "?"]
[Date "2024.03.17"]
[Round "9.3"]
[Board "5"]
[White "Michalowski, Peter"]
[Black "Otikova, Elina"]
[Result "0-1"]
[WhiteElo "2053"]
[BlackElo "2063"]
[PlyCount "104"]
[EventDate "2023.10.22"]
[EventType "team-tourn"]
[EventCountry "GER"]
[WhiteTeam "Erfurt SV Empor"]
[BlackTeam "Loeberitz SG"]
[WhiteTeamCountry "GER"]
[BlackTeamCountry "GER"]

1. e4 e5 2. Nf3 Nc6 3. d4 exd4 4. Nxd4 Qf6 5. Be3 Bc5 6. c3 d6 7. Be2 Qg6 8. O-O Bh3 9. Bf3 Ne5 10. Nf5 Bxe3 11. Nxe3 Nf6 12. Nd2 h5 13. Ndc4 O-O-O 14. Nxe5 dxe5 15. Qe2 h4 16. Kh1 Be6 17. Nc4 Qg5 18. Rad1 Qf4 19. Nd2 Qh6 20. Nc4 Qg5 21. Qe3 Qxe3 22. Nxe3 a6 23. b3 g5 24. h3 Rdg8 25. Kg1 g4 26. Nxg4 Nxg4 27. Bxg4 Bxg4 28. hxg4 Rxg4 29. f3 Rg6 30. Kf2 Rhg8 31. Rg1 c6 32. a4 a5 33. Rd2 Rg3 34. Rdd1 Kc7 35. c4 Kb6 36. Rb1 Kc5 37. Ke3 h3 38. Rh1 hxg2 39. Rhg1 Rh8 40. Rb2 Rhh3 41. Rf2 Kb4 42. Rgxg2 Rxg2 43. Rxg2 Kxb3 44. Rg7 Kxc4 45. Rxf7 b5 46. Rf5 b4 47. Rxe5 b3 48. Re6 c5 49. Rb6 Kc3 50. Rb5 c4 51. Rxa5 b2 52. Rb5 Rh1 0-1

[Event "Oberliga Ost A 2023 2024"]
[Site "?"]
[Date "2024.03.17"]
[Round "9.3"]
[Board "6"]
[White "Boehm, Christian"]
[Black "Wiemers, Holger"]
[Result "1/2-1/2"]
[WhiteElo "2054"]
[BlackElo "2045"]
[PlyCount "61"]
[EventDate "2023.10.22"]
[EventType "team-tourn"]
[EventCountry "GER"]
[WhiteTeam "Loeberitz SG"]
[BlackTeam "Erfurt SV Empor"]
[WhiteTeamCountry "GER"]
[BlackTeamCountry "GER"]

1. e4 e5 2. Nf3 Nf6 3. Nxe5 d6 4. Nf3 Nxe4 5. c4 Be7 6. d4 d5 7. Nc3 Nxc3 8. bxc3 Nc6 9. Bd3 dxc4 10. Bxc4 O-O 11. O-O Bg4 12. Rb1 Rb8 13. h3 Bh5 14. Rb5 Bg6 15. Bf4 Bd6 16. Ne5 Bxe5 17. Bxe5 Nxe5 18. Rxe5 Re8 19. Rfe1 Rxe5 20. Rxe5 Qd7 21. Qf3 c6 22. Qe3 Kf8 23. Qf4 Rd8 24. h4 b5 25. Bb3 f6 26. h5 Bf7 27. Rc5 Bxb3 28. axb3 h6 29. Qe4 Rc8 30. g3 a5 31. c4 1/2-1/2

[Event "Oberliga Ost A 2023 2024"]
[Site "?"]
[Date "2024.03.17"]
[Round "9.3"]
[Board "7"]
[White "Nicolai, Tim"]
[Black "Proehl, Holger"]
[Result "0-1"]
[WhiteElo "1986"]
[BlackElo "2331"]
[PlyCount "58"]
[EventDate "2023.10.22"]
[EventType "team-tourn"]
[EventCountry "GER"]
[WhiteTeam "Erfurt SV Empor"]
[BlackTeam "Loeberitz SG"]
[WhiteTeamCountry "GER"]
[BlackTeamCountry "GER"]

1. d4 Nf6 2. Nc3 d5 3. Bf4 e6 4. e3 Bd6 5. Qf3 Bxf4 6. Qxf4 Qd6 7. Qh4 Nbd7 8. O-O-O a6 9. g4 b5 10. g5 Ng8 11. e4 Ne7 12. Nge2 Bb7 13. f3 dxe4 14. fxe4 b4 15. Nb1 Nf5 16. exf5 Bxh1 17. fxe6 fxe6 18. Bh3 Bf3 19. Re1 O-O 20. Nd2 Bd5 21. Ne4 Bxe4 22. Qxe4 Rae8 23. Ng3 Rf4 24. Bxe6+ Kh8 25. Qe2 Rxd4 26. c3 Rxe6 27. Qxe6 Rd1+ 28. Kc2 Qd2+ 29. Kb3 Nc5+ 0-1

[Event "Oberliga Ost A 2023 2024"]
[Site "?"]
[Date "2024.03.17"]
[Round "9.3"]
[Board "8"]
[White "Schaefer, Reyk"]
[Black "Bergmann, Harald"]
[Result "1-0"]
[WhiteElo "2094"]
[BlackElo "1851"]
[PlyCount "71"]
[EventDate "2023.10.22"]
[EventType "team-tourn"]
[EventCountry "GER"]
[WhiteTeam "Loeberitz SG"]
[BlackTeam "Erfurt SV Empor"]
[WhiteTeamCountry "GER"]
[BlackTeamCountry "GER"]

1. d4 d5 2. c4 e6 3. g3 Nc6 4. Nf3 Nf6 5. Bg2 Bb4+ 6. Bd2 Bxd2+ 7. Nbxd2 O-O 8. O-O Rb8 9. e3 Ne7 10. Qc2 c6 11. Rfd1 Ng6 12. e4 dxe4 13. Nxe4 Nxe4 14. Qxe4 Qf6 15. c5 Ne7 16. a3 Qf5 17. Qe2 Nd5 18. Ne5 Qg5 19. Nc4 Qd8 20. Rac1 Nf6 21. Nd6 Ne8 22. Nxe8 Rxe8 23. Qe5 Bd7 24. Be4 Qf6 25. Bb1 Qxe5 26. dxe5 Rbd8 27. Rd6 Bc8 28. b4 h6 29. a4 Rxd6 30. cxd6 Bd7 31. Be4 f5 32. Bg2 Rc8 33. b5 Kf8 34. bxc6 bxc6 35. Rc5 Ke8 36. Kf1 1-0

[Event "Oberliga Ost A 2023 2024"]
[Site "?"]
[Date "2024.03.17"]
[Round "9.4"]
[Board "1"]
[White "Zaehringer, Daniel"]
[Black "Mueller, Frank"]
[Result "1/2-1/2"]
[WhiteElo "2175"]
[BlackElo "2275"]
[PlyCount "139"]
[EventDate "2023.10.22"]
[EventType "team-tourn"]
[EventCountry "GER"]
[WhiteTeam "Plauen SK Koenig"]
[BlackTeam "Leipzig VfB"]
[WhiteTeamCountry "GER"]
[BlackTeamCountry "GER"]

1. d4 d5 2. c4 e6 3. Nc3 c5 4. cxd5 exd5 5. Nf3 Nc6 6. g3 Nf6 7. Bg2 Be7 8. O-O O-O 9. Bg5 c4 10. b3 h6 11. Bxf6 Bxf6 12. e3 Qa5 13. Rc1 Be6 14. Nd2 Rfd8 15. Qe2 Rac8 16. bxc4 dxc4 17. Nde4 Be7 18. d5 Bxd5 19. Nxd5 Rxd5 20. Qxc4 Rdd8 21. Rfd1 Ba3 22. Rxd8+ Rxd8 23. Rb1 Qh5 24. Qb3 Bf8 25. Qxb7 Rb8 26. Qxb8 Nxb8 27. Rxb8 Qd1+ 28. Bf1 Qc2 29. f3 Qxa2 30. Rc8 Qe6 31. Rc2 Kh7 32. Bd3 Kg8 33. Kf2 a5 34. Bc4 Qb6 35. Ba2 a4 36. Ke2 a3 37. Kf2 Qb7 38. Rd2 Kh7 39. Bd5 Qa7 40. g4 Be7 41. f4 Bb4 42. Rc2 Qd7 43. Ba2 Qd3 44. Rc1 Qxe4 45. Bb1 Qxb1 46. Rxb1 Bc3 47. h4 a2 48. Rd1 a1=Q 49. Rxa1 Bxa1 50. h5 Bf6 51. Kf3 Kg8 52. e4 Kf8 53. e5 Bd8 54. Ke4 Ke8 55. Kf5 Kd7 56. g5 Ke7 57. gxh6 gxh6 58. Ke4 Ke6 59. f5+ Ke7 60. Kd5 Bc7 61. Ke4 Ba5 62. Kd5 Bb4 63. Kc4 Ba3 64. Kd5 Kd8 65. e6 f6 66. Kc6 Kc8 67. Kb6 Kd8 68. Kc6 Ke7 69. Kd5 Kd8 70. Kc6 1/2-1/2

[Event "Oberliga Ost A 2023 2024"]
[Site "?"]
[Date "2024.03.17"]
[Round "9.4"]
[Board "2"]
[White "Englert, Luca"]
[Black "Kunze, Carlo"]
[Result "1/2-1/2"]
[WhiteElo "2123"]
[BlackElo "2261"]
[PlyCount "83"]
[EventDate "2023.10.22"]
[EventType "team-tourn"]
[EventCountry "GER"]
[WhiteTeam "Leipzig VfB"]
[BlackTeam "Plauen SK Koenig"]
[WhiteTeamCountry "GER"]
[BlackTeamCountry "GER"]

1. e4 Nf6 2. e5 Nd5 3. c4 Nb6 4. d4 d6 5. f4 dxe5 6. fxe5 Nc6 7. Be3 Bf5 8. Nc3 e6 9. Nf3 Be7 10. Be2 O-O 11. O-O f6 12. exf6 Bxf6 13. Qd2 Qe7 14. Rad1 Rad8 15. Qc1 Kh8 16. Kh1 Rd7 17. d5 Ne5 18. b3 Nxf3 19. Bxf3 exd5 20. Nxd5 Nxd5 21. Bxd5 Be4 22. Bxe4 Rxd1 23. Qxd1 Qxe4 24. Bd4 Be7 25. Rxf8+ Bxf8 26. Bxa7 b6 27. c5 b5 28. h3 Be7 29. Qf3 Qe1+ 30. Kh2 h6 31. c6 Bd6+ 32. g3 Qa5 33. Qf2 Qa6 34. Bd4 Qxc6 35. Qg2 Qe8 36. Qd2 Qg6 37. Bf2 Qe4 38. Bd4 Qg6 39. Qf2 b4 40. h4 Qe4 41. Kh3 h5 42. Be3 1/2-1/2

[Event "Oberliga Ost A 2023 2024"]
[Site "?"]
[Date "2024.03.17"]
[Round "9.4"]
[Board "3"]
[White "Burian, Simon"]
[Black "Heinrich, Thomas"]
[Result "1-0"]
[WhiteElo "2189"]
[BlackElo "2187"]
[PlyCount "69"]
[EventDate "2023.10.22"]
[EventType "team-tourn"]
[EventCountry "GER"]
[WhiteTeam "Plauen SK Koenig"]
[BlackTeam "Leipzig VfB"]
[WhiteTeamCountry "GER"]
[BlackTeamCountry "GER"]

1. e4 Nf6 2. e5 Nd5 3. d4 d6 4. Nf3 Bg4 5. Be2 e6 6. O-O Be7 7. c4 Nb6 8. Nc3 O-O 9. Be3 d5 10. c5 Bxf3 11. Bxf3 Nc4 12. Bc1 b6 13. b3 Na5 14. b4 Nc4 15. a3 c6 16. Be2 a5 17. Rb1 axb4 18. axb4 b5 19. Bd3 Na6 20. Qg4 Re8 21. Bh6 g6 22. Bxc4 bxc4 23. b5 cxb5 24. Nxb5 f5 25. exf6 Bxf6 26. Rfe1 e5 27. Nd6 Re7 28. Qf3 Re6 29. Qxd5 Nc7 30. Qxc4 Qd7 31. Rb7 Bd8 32. dxe5 Kh8 33. Qf4 Qe7 34. Bg5 Qg7 35. Nf7+ 1-0

[Event "Oberliga Ost A 2023 2024"]
[Site "?"]
[Date "2024.03.17"]
[Round "9.4"]
[Board "5"]
[White "Hoerr, Matthias"]
[Black "Rohne, Lars"]
[Result "1-0"]
[WhiteElo "2085"]
[BlackElo "2120"]
[PlyCount "57"]
[EventDate "2023.10.22"]
[EventType "team-tourn"]
[EventCountry "GER"]
[WhiteTeam "Plauen SK Koenig"]
[BlackTeam "Leipzig VfB"]
[WhiteTeamCountry "GER"]
[BlackTeamCountry "GER"]

1. c4 e5 2. g3 d6 3. Nc3 f5 4. d4 exd4 5. Qxd4 Nc6 6. Qd2 Nf6 7. Bg2 Be7 8. b3 Be6 9. Nh3 Qd7 10. Nf4 Bf7 11. h4 O-O-O 12. Bb2 Kb8 13. O-O-O Ne5 14. Kb1 g6 15. Nfd5 Bxd5 16. Nxd5 c6 17. Nf4 Nf7 18. Rhe1 Rhe8 19. f3 Ng8 20. e4 Bf6 21. Ba3 Be5 22. Bh3 Ne7 23. Ne2 Qc7 24. f4 Bh8 25. Nd4 Bxd4 26. Qxd4 Qa5 27. Qf6 Qxa3 28. Qxf7 Qc5 29. exf5 1-0

[Event "Oberliga Ost A 2023 2024"]
[Site "?"]
[Date "2024.03.17"]
[Round "9.4"]
[Board "6"]
[White "Just, Wolfgang"]
[Black "Sandner, Gunter"]
[Result "1/2-1/2"]
[WhiteElo "2079"]
[BlackElo "2234"]
[PlyCount "52"]
[EventDate "2023.10.22"]
[EventType "team-tourn"]
[EventCountry "GER"]
[WhiteTeam "Leipzig VfB"]
[BlackTeam "Plauen SK Koenig"]
[WhiteTeamCountry "GER"]
[BlackTeamCountry "GER"]

1. e4 g6 2. d4 Bg7 3. Nc3 a6 4. f4 d6 5. Nf3 Bg4 6. Be3 Nd7 7. Bc4 e6 8. O-O b5 9. Be2 Nb6 10. d5 Bxf3 11. Bxf3 Nc4 12. Bd4 e5 13. fxe5 Nxb2 14. Qe2 Nc4 15. Rab1 Nxe5 16. Bxe5 Bxe5 17. Rb3 Nf6 18. a4 bxa4 19. Nxa4 O-O 20. Qc4 Nd7 21. Rb7 Nb6 22. Qc6 Bd4+ 23. Kh1 Rb8 24. Nxb6 Bxb6 25. Rxb8 Qxb8 26. e5 dxe5 1/2-1/2

[Event "Oberliga Ost A 2023 2024"]
[Site "?"]
[Date "2024.03.17"]
[Round "9.4"]
[Board "7"]
[White "Fischer, Erik"]
[Black "Schoen, Florian"]
[Result "1/2-1/2"]
[WhiteElo "2075"]
[BlackElo "1908"]
[PlyCount "31"]
[EventDate "2023.10.22"]
[EventType "team-tourn"]
[EventCountry "GER"]
[WhiteTeam "Plauen SK Koenig"]
[BlackTeam "Leipzig VfB"]
[WhiteTeamCountry "GER"]
[BlackTeamCountry "GER"]

1. e4 e5 2. Nf3 Nc6 3. Bc4 Bc5 4. c3 Nf6 5. d3 a6 6. a4 Ba7 7. O-O O-O 8. Re1 d6 9. h3 h6 10. Nbd2 Nh5 11. Nf1 Qf6 12. Be3 Nf4 13. Bxa7 Nxa7 14. Kh2 Be6 15. b4 b5 16. Bxe6 1/2-1/2

[Event "Oberliga Ost A 2023 2024"]
[Site "?"]
[Date "2024.03.17"]
[Round "9.4"]
[Board "8"]
[White "Collini, Carsten"]
[Black "Pfretzschner, Roland"]
[Result "1/2-1/2"]
[WhiteElo "2088"]
[BlackElo "2130"]
[PlyCount "34"]
[EventDate "2023.10.22"]
[EventType "team-tourn"]
[EventCountry "GER"]
[WhiteTeam "Leipzig VfB"]
[BlackTeam "Plauen SK Koenig"]
[WhiteTeamCountry "GER"]
[BlackTeamCountry "GER"]

1. e4 c5 2. Nf3 e6 3. Nc3 a6 4. g3 b5 5. Bg2 Bb7 6. d3 d6 7. O-O Be7 8. Re1 Nf6 9. a4 b4 10. Nb1 O-O 11. Nbd2 d5 12. exd5 exd5 13. Ne5 Nbd7 14. Ndf3 Nxe5 15. Nxe5 Nd7 16. Bf4 Nxe5 17. Bxe5 Qd7 1/2-1/2

[Event "Oberliga Ost A 2023 2024"]
[Site "?"]
[Date "2024.03.17"]
[Round "9.5"]
[Board "1"]
[White "Spivak, Ilya"]
[Black "Cerveny, Martin"]
[Result "1/2-1/2"]
[WhiteElo "2300"]
[BlackElo "2377"]
[PlyCount "33"]
[EventDate "2023.10.22"]
[EventType "team-tourn"]
[EventCountry "GER"]
[WhiteTeam "Hoyerswerda FVS ASP"]
[BlackTeam "Aue ESV Nickelhuette II"]
[WhiteTeamCountry "GER"]
[BlackTeamCountry "GER"]

1. e4 c5 2. Nf3 d6 3. Bb5+ Nc6 4. O-O e5 5. c3 Nge7 6. d4 a6 7. Bc4 Qc7 8. Ng5 Nd8 9. Qh5 g6 10. Qf3 Ng8 11. dxe5 dxe5 12. Rd1 Ne6 13. Na3 Bg7 14. Nxe6 fxe6 15. Bg5 Nf6 16. Bxf6 O-O 17. Bxe5 1/2-1/2

[Event "Oberliga Ost A 2023 2024"]
[Site "?"]
[Date "2024.03.17"]
[Round "9.5"]
[Board "2"]
[White "Jurasek, Miroslav"]
[Black "Hovsepyan, Vardan"]
[Result "1-0"]
[WhiteElo "2241"]
[BlackElo "2276"]
[PlyCount "67"]
[EventDate "2023.10.22"]
[EventType "team-tourn"]
[EventCountry "GER"]
[WhiteTeam "Aue ESV Nickelhuette II"]
[BlackTeam "Hoyerswerda FVS ASP"]
[WhiteTeamCountry "GER"]
[BlackTeamCountry "GER"]

1. d4 d5 2. c4 c6 3. e3 Nf6 4. Nc3 a6 5. Nf3 b5 6. b3 Bg4 7. Be2 e6 8. h3 Bb4 9. Bd2 Bh5 10. Ne5 Bxe2 11. Qxe2 bxc4 12. bxc4 O-O 13. O-O Nfd7 14. Nd3 Be7 15. Rfd1 f5 16. Rab1 Ra7 17. Na4 a5 18. c5 Qc7 19. Qe1 Bd8 20. Bc3 Nf6 21. Rb6 Nbd7 22. Rdb1 Qc8 23. R6b3 Qa6 24. Qd1 Ne4 25. Be1 Bg5 26. Nb6 f4 27. exf4 Bxf4 28. Qg4 Nxb6 29. cxb6 a4 30. bxa7 axb3 31. Nxf4 bxa2 32. Qxe6+ Kh8 33. Rb8 Qa3 34. Qf7 1-0

[Event "Oberliga Ost A 2023 2024"]
[Site "?"]
[Date "2024.03.17"]
[Round "9.5"]
[Board "3"]
[White "Boehm, Robert"]
[Black "Solberg, Joachim"]
[Result "1/2-1/2"]
[WhiteElo "2170"]
[BlackElo "2164"]
[PlyCount "23"]
[EventDate "2023.10.22"]
[EventType "team-tourn"]
[EventCountry "GER"]
[WhiteTeam "Hoyerswerda FVS ASP"]
[BlackTeam "Aue ESV Nickelhuette II"]
[WhiteTeamCountry "GER"]
[BlackTeamCountry "GER"]

1. d4 d5 2. c4 e6 3. Nc3 c5 4. cxd5 exd5 5. Nf3 Nc6 6. g3 Nf6 7. Bg2 Be7 8. O-O O-O 9. dxc5 Bxc5 10. Na4 Be7 11. Be3 Ne4 12. Rc1 1/2-1/2

[Event "Oberliga Ost A 2023 2024"]
[Site "?"]
[Date "2024.03.17"]
[Round "9.5"]
[Board "5"]
[White "Kregelin, Jan"]
[Black "Ludvik, Tomas"]
[Result "1-0"]
[WhiteElo "2114"]
[BlackElo "2222"]
[PlyCount "83"]
[EventDate "2023.10.22"]
[EventType "team-tourn"]
[EventCountry "GER"]
[WhiteTeam "Hoyerswerda FVS ASP"]
[BlackTeam "Aue ESV Nickelhuette II"]
[WhiteTeamCountry "GER"]
[BlackTeamCountry "GER"]

1. d4 d5 2. c4 e6 3. Nc3 Nf6 4. Bg5 c6 5. e3 Nbd7 6. Nf3 Qa5 7. Nd2 Bb4 8. Qc2 O-O 9. Be2 c5 10. O-O cxd4 11. exd4 dxc4 12. Bxf6 Nxf6 13. Nxc4 Qc7 14. Qb3 Bxc3 15. bxc3 b6 16. Ne5 Bb7 17. Bf3 Rac8 18. Bxb7 Qxb7 19. Rfd1 Nd5 20. c4 Nf4 21. f3 f6 22. Ng4 Rfe8 23. Rd2 h5 24. Ne3 Red8 25. Rad1 Rd7 26. Kf2 Rcd8 27. h4 Kh8 28. Qb5 a6 29. Qb1 e5 30. d5 b5 31. g3 Ne6 32. Qf5 Nd4 33. Qxh5+ Kg8 34. c5 Qa7 35. d6 Rc8 36. Nd5 Nc6 37. Nb6 Rcd8 38. Nxd7 Qxd7 39. Qg4 Qa7 40. Qe6+ Kf8 41. Rc1 Nd4 42. Qd5 1-0

[Event "Oberliga Ost A 2023 2024"]
[Site "?"]
[Date "2024.03.17"]
[Round "9.5"]
[Board "6"]
[White "Kunze, Kerstin"]
[Black "Wolf, Andreas"]
[Result "1/2-1/2"]
[WhiteElo "1993"]
[BlackElo "2031"]
[PlyCount "63"]
[EventDate "2023.10.22"]
[EventType "team-tourn"]
[EventCountry "GER"]
[WhiteTeam "Aue ESV Nickelhuette II"]
[BlackTeam "Hoyerswerda FVS ASP"]
[WhiteTeamCountry "GER"]
[BlackTeamCountry "GER"]

1. e4 c5 2. Nf3 e6 3. d4 cxd4 4. Nxd4 Nf6 5. Bd3 Nc6 6. Nxc6 bxc6 7. O-O d5 8. exd5 cxd5 9. Qf3 Be7 10. c4 O-O 11. Nc3 Rb8 12. cxd5 exd5 13. Nb5 Bg4 14. Qg3 Qd7 15. h3 Bh5 16. Nd4 Bg6 17. Bxg6 hxg6 18. Qd3 Ne4 19. b3 g5 20. Bb2 Rb6 21. Nf3 Qf5 22. Rad1 Rd8 23. Nd4 Qd7 24. Rfe1 Bf6 25. Re2 a5 26. Ba1 a4 27. bxa4 Qxa4 28. Nb3 Bxa1 29. Rxe4 Qxe4 30. Qxe4 dxe4 31. Rxd8+ Kh7 32. Re8 1/2-1/2

[Event "Oberliga Ost A 2023 2024"]
[Site "?"]
[Date "2024.03.17"]
[Round "9.5"]
[Board "7"]
[White "Heyme, Sibylle"]
[Black "Poessel, Christian"]
[Result "0-1"]
[WhiteElo "1987"]
[BlackElo "1947"]
[PlyCount "116"]
[EventDate "2023.10.22"]
[EventType "team-tourn"]
[EventCountry "GER"]
[WhiteTeam "Hoyerswerda FVS ASP"]
[BlackTeam "Aue ESV Nickelhuette II"]
[WhiteTeamCountry "GER"]
[BlackTeamCountry "GER"]

1. Nf3 Nf6 2. c4 g6 3. Nc3 c5 4. g3 d5 5. cxd5 Nxd5 6. Bg2 Bg7 7. Qb3 Nb6 8. d3 O-O 9. O-O Na6 10. a3 Be6 11. Qc2 h6 12. Rd1 Qd7 13. Be3 Rfd8 14. Rac1 Rac8 15. b3 Nd5 16. Nxd5 Bxd5 17. Nd2 Bxg2 18. Kxg2 Qd5+ 19. Kg1 Rc6 20. Ne4 Rdc8 21. Nc3 Qd7 22. Ne4 f5 23. Nc3 Nc7 24. a4 Ne6 25. Nb5 b6 26. Qc4 Kh7 27. Qh4 a6 28. Nc3 Rd6 29. Qc4 Nd4 30. Qxa6 b5 31. Qa5 Nxb3 32. Qxb5 Nxc1 33. Rxc1 Bd4 34. Bf4 e5 35. Bd2 Bxc3 36. Qxd7+ Rxd7 37. Bxc3 e4 38. dxe4 fxe4 39. Rb1 g5 40. Kf1 Rc6 41. Ke1 Kg6 42. a5 Kf5 43. h3 Rcd6 44. Ra1 h5 45. Rb1 g4 46. h4 e3 47. fxe3 Ke4 48. Kf2 Rf7+ 49. Kg2 Kxe3 50. Be5 Re6 51. Bf4+ Kxe2 52. Rb5 Rf5 53. Rb6 Rff6 54. Bc7 Rf2+ 55. Kg1 Rf1+ 56. Kg2 Rxb6 57. axb6 Rb1 58. Bd6 c4 0-1

[Event "Oberliga Ost A 2023 2024"]
[Site "?"]
[Date "2024.03.17"]
[Round "9.5"]
[Board "8"]
[White "Heinz, Thomas"]
[Black "Roessel, Louis"]
[Result "1/2-1/2"]
[WhiteElo "2108"]
[BlackElo "1975"]
[PlyCount "73"]
[EventDate "2023.10.22"]
[EventType "team-tourn"]
[EventCountry "GER"]
[WhiteTeam "Aue ESV Nickelhuette II"]
[BlackTeam "Hoyerswerda FVS ASP"]
[WhiteTeamCountry "GER"]
[BlackTeamCountry "GER"]

1. e4 c5 2. Nc3 a6 3. g3 b5 4. Bg2 Bb7 5. d3 e6 6. Nf3 Ne7 7. O-O d5 8. exd5 Nxd5 9. Nxd5 Bxd5 10. a4 Nd7 11. Re1 Be7 12. Bf4 O-O 13. Ne5 Nxe5 14. Bxe5 f6 15. Bc3 Bxg2 16. Kxg2 Qd5+ 17. Qf3 Qxf3+ 18. Kxf3 Kf7 19. b3 Bd6 20. Ke3 b4 21. Bb2 h5 22. f4 Rfd8 23. Kf3 Ra7 24. Re2 Re7 25. Rae1 Rg8 26. Bc1 Rge8 27. h3 Rh8 28. Be3 g6 29. Bf2 Rc8 30. Re4 Ree8 31. Rc4 Rc7 32. Ree4 Rec8 33. Ke2 e5 34. Kf3 Ke6 35. Ke2 Kd5 36. Kf3 Rf8 37. Re2 1/2-1/2